00887nam a2200229 i 450000500170000000800410001702000390005804000250009708200150012224501910013726400610032826400110038930000510040033600210045133700250047233800230049765000140052065000260053465000220056070000400058270000350062220240214114150.0240214t20232023my o g 000 0dmay d a9786299761518cRM35.00qpaperback  aPPAKbengcPPAKerda04223a808.8500aEulogi TOKOH : bMenghargai ketokohannya bagaikan mengimbau detik kenangan kepada leluhurku... /cEDITOR: MUNSYI MOHAMAD MUSIP, Husna Munirah Azrin ; PENYELENGGARA: ALYA NABILAH MOHAMAD  1aAyer Keroh, Melaka : bBULAN TERBIT SERVICES, c[2023?]  4c©2023 aix, 235 pages :bcolour photographs ; c21 cm  atext2rdacontent aunmediated2rdamedia avolume2rdacarrier10aEulogies 20aLeadershipvAnecdotes20aHeroesvAnecdotes0 aMohamad Musip, cMunsyi, eeditor. 0 aHusna Munirah Azrin, eeditor.